000 00586nam a2200217Ia 4500
008 160216s9999 xx 000 0 und d
020 _a978-0-470-41076-9
050 _aCUL TX 725
050 _b.A1N46 2009
100 _aNenes, Michael F.
245 _aInternational cuisine /
245 _cMichael F. Nenes.
260 _aNew Jersey :
260 _bJohn Wiley & Sons, Inc.
260 _c2009
300 _a855 pages :
300 _bill. (some col.) ;
300 _c25 cm.
500 _aIncludes bibliographical references and index.
650 _aCookery, International.
999 _c290840
_d290840